Coloquio con Berenson

Saved in:
Bibliografiske detaljer
Hovedforfatter: Morra, Umberto (autor)
Format: Bog
Sprog:spansk
Udgivet: Ciudad de México Fondo de Cultura Económica 1968
Fag:
Tags: Tilføj Tag
Ingen Tags, Vær først til at tagge denne postø!

MARC

LEADER 00000nam a2200000 a 4500
001 UCZ1375
003 CL-VaPUC
008 950824e19680000MX |||||||||||||||||spa|d
082 0 4 |a 701.18  |b MOR  |2 21 
100 |a Morra, Umberto  |e autor  |9 344939 
245 1 0 |a Coloquio con Berenson 
300 |a 262 p 
942 |c BK 
945 |d 19950824 00:00:00  |a aalvarez 
260 |a Ciudad de México  |b Fondo de Cultura Económica  |c 1968 
600 0 7 |a BERENSON, BERNARD G  |2 CL-VaPUC  |9 344940 
650 0 |a Estética   |9 264950 
583 |a last modification  |c 19950824 00:00:00  |k Rodrigo Vera 
999 |c 238128  |d 238126 
952 |0 0  |1 0  |4 0  |6 701_180000000000000_MOR_1968  |7 0  |8 P  |9 248136  |a BIBEDU  |b BIBEDU  |c BIBEDU_PB  |d 2019-11-18  |i 3126773  |o 701.18 MOR 1968  |p 3126773  |r 2024-01-25  |w 2019-11-18  |y BK  |k FIL 
952 |0 0  |1 0  |4 0  |6 701_180000000000000_MOR_1968  |7 0  |8 P  |9 248137  |a BIBEDU  |b BIBEDU  |c BIBEDU_PB  |d 2019-11-18  |i 1580655  |o 701.18 MOR 1968  |p 1580655  |r 2019-11-18  |w 2019-11-18  |y BK  |k FIL